| 000 | 01212cam a22003735i 4500 | ||
|---|---|---|---|
| 999 |
_c28700 _d28671 |
||
| 001 | 13435716 | ||
| 003 | EG-ScBUE | ||
| 005 | 20200909134434.0 | ||
| 008 | 031216t20052005inua f b 001 0 eng d | ||
| 020 | _a0672326019 | ||
| 020 | _a9780672326011 | ||
| 035 | _a(CStRLIN)PASGA2730714-B | ||
| 035 | _a(PSt) (Sirsi) a2730714 | ||
| 040 |
_aIG# _beng _erda _cIG# _dDLC _dEG-ScBUE |
||
| 082 | 0 | 4 |
_a006.66 _bWRI _222 |
| 100 | 1 |
_aWright, Richard S., _cJr., _d1965- _eauthor. |
|
| 245 | 1 | 0 |
_aOpenGL superbible / _cRichard S. Wright, Jr. and Benjamin Lipchak. |
| 250 | _aThird edition. | ||
| 264 | 1 |
_aIndianapolis : _bSAMS, _c[2005] |
|
| 264 | 4 | _cc2005 | |
| 300 |
_axvii, 1173 pages : _billustrations ; _c23 cm + _e1 CD-ROM (4 3/4 in.) |
||
| 336 |
_atext _btxt _2rdacontent |
||
| 336 |
_acomputer program _bcop _2rdacontent |
||
| 337 |
_aunmediated _bn _2rdamedia |
||
| 337 |
_acomputer _bc _2rdamedia |
||
| 338 |
_avolume _bnc _2rdacarrier |
||
| 338 |
_acomputer disc _bcd _2rdacarrier |
||
| 504 | _aIncludes bibliographical references and index. | ||
| 630 | 0 | 0 |
_aOpenGL. _932565 |
| 650 | 7 |
_aComputer graphics. _2BUEsh |
|
| 653 |
_bCOMSCI _cSeptember2020 |
||
| 700 | 1 |
_aLipchak, Benjamin, _eauthor. |
|
| 942 |
_2ddc _cBB |
||